000 01527cam a22003014a 4500
999 _c129904
_d129904
001 12504129
003 ARRUPE
005 20191008110632.0
008 010815s2002 ilua 001 0 eng
010 _a 2001046603
020 _a1579550088 (alk. paper)
040 _aDLC
_cDLC
_dDLC
042 _apcc
050 0 0 _aQA267.5.C45
_bW67 2001
082 0 0 _a500
_221
100 1 _aWolfram, Stephen.
_915914
245 1 2 _aA new kind of science /
_cStephen Wolfram.
260 _aChampaign, IL :
_bWolfram Media,
_cc2001.
300 _axiv, 1197 p. :
_bill. ;
_c25 cm.
500 _aIncludes index.
505 8 _aMachine generated contents note: Preface ix -- 1 The Foundations for a New Kind of Science I -- 2 The Crucial Experiment 23 -- 3 The World of Simple Programs 51 -- 4 Systems Based on Numbers 115 -- 5 Two Dimensions and Beyond 169 -- 6 Starting from Randomness 223 -- 7 Mechanisms in Programs and Nature 297 -- 8 Implications for Everyday Systems 363 -- 9 Fundamental Physics 433 -- 10 Processes of Perception and Analysis 547 -- 11 The Notion of Computation 637 -- 12 The Principle of Computational Equivalence 715 -- Notes 849 -- Index 1201.
650 0 _aCellular automata.
_948310
650 0 _aComputational complexity.
_948054
856 4 1 _3Table of contents
_uhttp://www.loc.gov/catdir/toc/fy031/2001046603.html
906 _a7
_bcbc
_corignew
_d1
_eocip
_f20
_gy-gencatlg
942 _2lcc
_cMONOGRAPH